Transparentnosť miest na Slovensku a v Maďarsku: porovnávacia štúdia

Bibliographic Details
Main Author: Šípoš, Gabriel, 1974- (Author)
Format: Book
Language:Slovak
Hungarian
PhysicalDescription:27, 35 s. grafy, tab. 22 cm
Published: Bratislava Adin 2011
ISBN:9788089540051
Subjects:

MARC

LEADER 00000cam a2200000 a 4500
001 vtls010346234
003 SK-MaSNL
005 20260425232856.0
008 240314s2011 xo dl f 000 0 slo
015 |a SNBA2012/08-04656 
020 |a 9788089540051  |q (brož.) 
035 |a 5BAEA58C-5DB2-475D-9828-B1012863B5B8 
035 |a urn:nbn:sk:snk-amjk32 
035 |a urn:nbn:sk:snk-am0011tp 
040 |a SNK  |b slo  |c SNK  |e AACR2 
041 0 |a slo  |a hun 
043 |a e-xo---  |a e-hu--- 
044 |a xo  |c SK 
072 7 |a 352/354  |x Stupne miestnej, oblastnej a ústrednej správy  |2 konspekt 
080 |a 353.9  |2 2001 
080 |a 35  |2 2001 
080 |a (437.6)  |2 2001 
080 |a (439)  |2 2001 
080 |a (048.8)  |2 2001 
080 |a 32:172.2  |2 2001 
100 1 |a Šípoš, Gabriel,  |d 1974-  |4 aut  |9 483051 
245 1 0 |a Transparentnosť miest na Slovensku a v Maďarsku: porovnávacia štúdia  |c Gabriel Šípoš 
246 1 1 |a Az önkormányzatok átlátható működésének vizsgálata Salgótarján és Tatabánya megyei jogú városokban 
260 |a Bratislava  |b Adin  |c 2011 
300 |a 27, 35 s.  |b grafy, tab.  |c 22 cm 
500 |a Zvratmo viazané texty majú vlastné stránkovanie 
500 |a Program cezhraničnej spolupráce Maďarská republika-Slovenská republika 2007-2013 Budujeme partnerstvá 
500 |a Vydané pre Transparency International Slovensko 
504 |a Bibliogr. s. 27 
546 |a Súbež. náz. a text maď. 
610 2 7 |a Transparency International Slovensko  |2 SNKPHeng  |9 73357 
650 0 7 |a územná samospráva  |2 SNKPH  |9 802 
650 0 7 |a verejná správa  |2 SNKPH  |9 1538 
650 0 7 |a Regional administration  |2 SNKPHeng  |9 266548 
650 0 7 |a Public administration  |2 SNKPHeng  |9 266247 
650 0 7 |a transparentnosť politiky  |2 SNKPH  |9 329916 
651 7 |a Slovensko  |2 SNKPH  |9 14231 
651 7 |a Maďarsko  |2 SNKPH  |9 16754 
651 7 |a Slovakia  |2 SNKPHeng  |9 92630 
651 7 |a Hungary  |2 SNKPHeng  |9 265263 
655 7 |a porovnávacie štúdie  |2 SNKPH  |9 70557 
655 7 |a Comparative studies  |2 SNKPHeng  |9 304951 
852 |a Štátna vedecká knižnica v Banskej Bystrici 
919 |a 978-80-89540-05-1 
958 |a NB 
968 |d 35/354 
999 |c 750760  |d 752690 
952 |a SNK  |b SNK  |y PREZ  |7 0  |p 17A0880630  |o snkSC 148921  |i snk2012/6895  |8 0  |0 0  |1 0  |4 0  |d 2012-03-27  |l 0  |r 2025-07-17 00:00:00  |w 2026-02-23 
952 |a SNK  |b SNK  |y VYP  |7 0  |p 17A0880629  |o snkSC 148921 D1  |i snk2012/6896  |8 0  |0 0  |1 0  |4 0  |d 2012-03-27  |f 1  |l 0  |r 2026-02-23 23:30:50  |w 2026-02-23